| Tag |
First Indicator |
Second Indicator |
Subfields |
| LEADER |
00000cam a2200000 a 4500 |
| 001 |
in00000012317 |
| 005 |
20151007051814.0 |
| 008 |
860904s1987 maua 00010 eng |
| 010 |
|
|
|a 86022106
|
| 020 |
|
|
|a 0935603069 (pbk.) :
|c $14.95
|
| 035 |
|
|
|a (OCoLC)14243184
|
| 035 |
|
|
|9 AAA4878AM
|
| 040 |
|
|
|a DLC
|c DLC
|d TXA
|d UtOrBLW
|
| 041 |
1 |
|
|a eng
|h jpn
|
| 049 |
|
|
|a TXAM
|c [A12640122]
|
| 050 |
0 |
0 |
|a ND1489
|b .C4513 1987
|
| 082 |
0 |
|
|a 701/.8
|2 19
|
| 100 |
1 |
|
|a Chijiiwa, Hideaki,
|d 1938-
|
| 240 |
1 |
0 |
|a Chōwa haishoku bukku.
|l English
|
| 245 |
1 |
0 |
|a Color harmony :
|b a guide to creative color combinations /
|c Hideaki Chijiiwa ; [translated by Keiko Nakamura].
|
| 264 |
|
1 |
|a Rockport, Mass. :
|b Rockport Publishers ;
|c 1987.
|
| 264 |
|
2 |
|a Cincinnati, Ohio :
|b For distribution by North Light,
|
| 300 |
|
|
|a 142 pages :
|b coll. illustrations ;
|c 21 cm.
|
| 336 |
|
|
|a text
|b txt
|2 rdacontent
|
| 337 |
|
|
|a unmediated
|b n
|2 rdamedia
|
| 338 |
|
|
|a volume
|b nc
|2 rdacarrier
|
| 500 |
|
|
|a Translation of: Chōwa haishoku bukku.
|
| 650 |
|
0 |
|a Color guides.
|
| 650 |
|
0 |
|a Color in art.
|
| 999 |
|
|
|a MARS
|
| 999 |
f |
f |
|s 298bfb93-48d6-3e67-b69b-0cf9adb58dd2
|i f89e20ba-7eff-391c-9a5b-eac7350628d1
|t 0
|
| 952 |
f |
f |
|p normal
|a Texas A&M University
|b College Station
|c Sterling C. Evans Library
|d Evans: Library Stacks
|t 0
|e ND1489 .C4513 1987
|h Library of Congress classification
|i unmediated -- volume
|m A14812640122
|
| 998 |
f |
f |
|a ND1489 .C4513 1987
|t 0
|l Evans: Library Stacks
|